[Event "NRW-ch"]
[Site "Uebach Palenberg"]
[Date "2000.10.06"]
[Round "7"]
[White "Hesselmann, Hans"]
[Black "Siebrecht, Sebastian"]
[Result "0-1"]
[WhiteElo "1906"]
[BlackElo "2376"]
[PlyCount "100"]
[EventDate "2000.10.??"]
[EventType "tourn"]
[EventRounds "9"]
[EventCountry "GER"]
[SourceTitle "EXT 2006"]
[Source "ChessBase"]
[SourceDate "2005.11.24"]
[SourceVersion "1"]
[SourceVersionDate "2005.11.24"]
[SourceQuality "1"]

1. e4 c5 2. Nf3 e6 3. d4 cxd4 4. Nxd4 a6 5. Nc3 Qc7 6. Bd3 b5 7. 0-0 Bb7 8. Re1 d6 9. Bg5 Nd7 10. Qe2 Ngf6 11. Kh1 Be7 12. Rad1 h6 13. Bh4 b4 14. Na4 g5 15. Bg3 h5 16. e5 dxe5 17. Bxe5 Nxe5 18. Qxe5 Qxe5 19. Rxe5 h4 20. Kg1 g4 21. Rde1 0-0-0 22. Nxe6 fxe6 23. Rxe6 Nd5 24. Bf5 Kb8 25. Bxg4 Bd6 26. Rd1 Kc7 27. b3 Nf4 28. Rf6 Rhg8 29. Rf7+ Kb8 30. f3 Be5 31. Rfd7 Rxd7 32. Rxd7 Bc6 33. Nc5 Bd4+ 34. Rxd4 Ne2+ 35. Kf2 Nxd4 36. Nxa6+ Kb7 37. Nxb4 Re8 38. f4 Be4 39. Nd3 Nxc2 40. Nc5+ Kb6 41. Nd7+ Kc7 42. Ne5 Ra8 43. Bf3 Bxf3 44. Nxf3 Rxa2 45. Nxh4 Nd4+ 46. Kg3 Kd6 47. Kg4 Ke6 48. h3 Kf6 49. g3 Ra3 50. Kh5 Ra8 0-1

[Event "NRW-ch"]
[Site "Uebach Palenberg"]
[Date "2000.10.05"]
[Round "6"]
[White "Dresen, Ulrich"]
[Black "Hesselmann, Hans"]
[Result "1-0"]
[WhiteElo "2265"]
[BlackElo "1906"]
[PlyCount "73"]
[EventDate "2000.10.??"]
[EventType "tourn"]
[EventRounds "9"]
[EventCountry "GER"]
[SourceTitle "EXT 2006"]
[Source "ChessBase"]
[SourceDate "2005.11.24"]
[SourceVersion "1"]
[SourceVersionDate "2005.11.24"]
[SourceQuality "1"]

1. d4 d5 2. Bg5 h6 3. Bh4 Bf5 4. e3 g5 5. Bg3 Bg7 6. c4 Nf6 7. Nc3 c6 8. Qb3 b6 9. cxd5 Nxd5 10. Nf3 0-0 11. h4 g4 12. Ne5 Bxe5 13. Bxe5 Nxc3 14. Qxc3 Qd5 15. h5 Nd7 16. Bf4 c5 17. dxc5 Qxc5 18. Bxh6 Qxc3+ 19. bxc3 Rfd8 20. f3 Rac8 21. e4 Bh7 22. Rd1 Ne5 23. Bf4 Rxd1+ 24. Kxd1 Nc4 25. Rh4 f5 26. exf5 Bxf5 27. fxg4 Bb1 28. a4 Ba2 29. Kc2 Rf8 30. g5 Ne3+ 31. Kb2 Bd5 32. Bxe3 Rxf1 33. Rd4 Bc6 34. g6 Kg7 35. Rc4 Bd5 36. Rc7 Kf6 37. g4 1-0

[Event "Euskirchen op 7th 60'"]
[Site "Euskirchen"]
[Date "1998.05.30"]
[Round "2"]
[White "Hesselmann, Hans"]
[Black "Werbeck, Torsten"]
[Result "0-1"]
[WhiteElo "1942"]
[BlackElo "2265"]
[PlyCount "93"]
[EventDate "1998.05.30"]
[EventType "swiss (rapid)"]
[EventRounds "7"]
[EventCountry "GER"]
[SourceTitle "EXT 2006"]
[Source "ChessBase"]
[SourceDate "2005.11.24"]
[SourceVersion "1"]
[SourceVersionDate "2005.11.24"]
[SourceQuality "1"]

1. e4 g6 2. d4 Bg7 3. Nf3 d6 4. h3 c6 5. c3 Nd7 6. Bc4 Nb6 7. Bb3 Nf6 8. e5 dxe5 9. Nxe5 0-0 10. 0-0 Nbd7 11. Nd3 b6 12. Bf4 Ba6 13. Re1 Bxd3 14. Qxd3 Nd5 15. Bg3 e6 16. Nd2 N7f6 17. Nc4 Nh5 18. Bd6 b5 19. Bxf8 bxc4 20. Qxc4 Bxf8 21. Qxc6 Nhf4 22. Kh2 Rc8 23. Qa6 Qc7 24. g3 Nh5 25. Re4 Bd6 26. Rg1 Nhf6 27. Re2 h5 28. Qd3 Kg7 29. c4 Nb4 30. Qd2 Nc6 31. c5 Bf8 32. Qc3 Rd8 33. Rd1 Nd5 34. Bxd5 Rxd5 35. b4 Qb7 36. a3 Be7 37. Qc4 Bf6 38. Re4 a6 39. h4 Rf5 40. Kg1 Nxb4 41. Re3 Nc6 42. Rb3 Qd7 43. Qxa6 Bxd4 44. Rbd3 Rxc5 45. Qa4 e5 46. Qb3 Rd5 47. Kg2 0-1